Normal view
MARC view
Entry Topical Term
001 - CONTROL NUMBER
- control field: 16943
003 - CONTROL NUMBER IDENTIFIER
- control field: OSt
005 - DATE AND TIME OF LATEST TRANSACTION
- control field: 20240406124623.0
008 - FIXED-LENGTH DATA ELEMENTS
- fixed length control field: 240406|| aca||aabn | a|a d
040 ## - CATALOGING SOURCE
- Original cataloging agency: OSt
- Transcribing agency: OSt
150 ## - HEADING--TOPICAL TERM
- Topical term or geographic name entry element: Computers ethics
670 ## - SOURCE DATA FOUND
- Source citation: Work cat.: (OSt)2889: Edited by Kevin W. Bowyer. 16942, Ethics and Computing :, 2001.
